Fostering academic excellence through honors programs /

Bibliographic Details
Other Authors: Friedman, Paul G., Jenkins, Reva C. W. (Reva Carol Weiskopp)
Format: Book
Language:English
Published: San Francisco : Jossey-Bass, 1986.
Series:New directions for teaching and learning ; no. 25 (March 1986)
Jossey-Bass higher education series.
Subjects:

MARC

Tag First Indicator Second Indicator Subfields
LEADER 00000cam a2200000 a 4500
001 in00000016910
005 20151007053329.0
008 860408s1986 cau b 00100 eng d
010 |a  85081903  
020 |a 0875897355 :  |c 9.95 
035 |a (OCoLC)13405037 
035 |9 AAB1250AM 
040 |a OCT  |c OCT  |d OCL  |d VPI  |d m/c  |d TXA  |d UtOrBLW 
049 |a TXAM  |c [A10985712] 
050 4 |a LB2364  |b .F67 1986 
245 0 0 |a Fostering academic excellence through honors programs /  |c Paul G. Friedman, Reva C. Jenkins-Friedman, editors. 
264 1 |a San Francisco :  |b Jossey-Bass,  |c 1986. 
300 |a 119 pages ;  |c 23 cm. 
336 |a text  |b txt  |2 rdacontent 
337 |a unmediated  |b n  |2 rdamedia 
338 |a volume  |b nc  |2 rdacarrier 
490 1 |a New directions for teaching and learning,  |x 027-0633 ;  |v no. 25 (March 1986) 
490 1 |a Paperback sourcebooks in the Jossey-Bass higher education series 
504 |a Includes bibliographies and index. 
650 0 |a Academic achievement. 
650 0 |a Universities and colleges  |x Honors courses. 
700 1 |a Friedman, Paul G. 
700 1 |a Jenkins, Reva C. W.  |q (Reva Carol Weiskopp) 
830 0 |a New directions for teaching and learning ;  |v no. 25 (March 1986) 
830 0 |a Jossey-Bass higher education series. 
999 |a MARS 
999 f f |s 443659ea-9a40-3dab-8cb0-7f523a9aa6ae  |i e24b804d-818a-3025-a6b2-c1b1a51d4204  |t 0 
952 f f |p normal  |a Texas A&M University  |b College Station  |c Sterling C. Evans Library  |d Evans: Library Stacks  |t 0  |e LB2364 .F67 1986  |h Library of Congress classification  |i unmediated -- volume  |m A14810985712 
998 f f |a LB2364 .F67 1986  |t 0  |l Evans: Library Stacks